000 00398nam a2200145Ia 4500
008 090124s9999 xx 000 0 und d
082 _b206920
245 _a चक्रव्यूह
250 _a1
260 _bपाण्डेय पृथ्वीनाथ
_c2002
300 _a20
630 _a चक्रव्यूह
730 _a चक्रव्यूह
942 _cBOOK
999 _c188916
_d188916